01879cam a2200469 4500001001400000005001700014008004100031020003100072035004100103035002700144035002800171040003000199041000800229044001100237072002900248080002400277080001900301080002000320100002800340245005300368250001900421264003000440300007800470336002600548336003800574337002900612338002900641500008100670500005700751600016000808600002600968648002100994648002601015648002701041650002601068650003501094651004001129651003201169655002101201655002401222711016301246vtls01174829520220427091923.0210202s2018 xo hojbgrn 001 0bslo  a9788080468743q(viazané) aE1D1FC0E-42B4-450A-8AEE-7BBCEAE8568D aurn:nbn:sk:snk-am3iexk aurn:nbn:sk:snk-am00e7eu aPPPKbslocPPPKdSNKerda0 aslo axocSK 7a929xBiografie2konspekt a929.731-055.222011 a929(092)22011 a(436+439)220111 aMrva, Ivan,d1954-4aut10aMária Teréziabvladárka a matkacIvan Mrva aPrvé vydanie 1aBratislavabPerfektc2018 a201 stránbfaksimile, fotografie, genealogické tabuľky, mapyc25 cm atextbtxt2rdacontent astatický obrazbsti2rdacontent abez médiabn2rdamedia azväzokbnc2rdacarrier aObsahuje bibliografiu na strane 196-197 ; menný register na strane 198-201 aObsahuje chronologický prehľad na strane 188-19507aMária Terézia,cčeská a uhorská kráľovna, cisárovná, manželka Františka Štefana I., rímskonemeckého cisára,d1717-17802SNKMA37aHabsburg (rod)2SNKMA 7a1717-17802SNKPH 7a18. storočie2SNKPH 7a18th century2SNKPHeng07apanovníčky2SNKPH07aQueens and empresses2SNKPHeng 7aAustro-Hungarian Monarchy2SNKPHeng 7aRakúsko-Uhorsko2SNKPHgeo 7abiografie2SNKPH 7aBiography2SNKPHeng2 aNajkrajšie a najlepšie detské knihy jari, leta, jesene a zimy na Slovenskun(28 :d2017 :cBratislava, Slovensko).eNajlepšia detská kniha zimy 2017